00409nam a2200145Ia 4500008004100000041000900041082001800050100001700068245001500085260003500100300000800135650000800143999001700151952009500168230718s9999 xx 000 0 und d aEng. a332.07bBPP-F aBpp Learning 0aFrame work aPakistanbBpp Publisher c2001 a310 aLaw c27310d27310 00104070aSIRC-LbSIRC-Ld2023-07-18l0o332.07 BPP-Fp22262r2023-07-18w2023-07-18yBK